00521nam a22001337a 4500003000200000005001700002008004100019050002200060100002300082245014400105260008400249300002800333500002600361020250203140127.0221006b xxu||||| |||| 00| 0 eng d aHG4026b.C78 2022 aCruz, Meredith S.  aThe impact of the COVID-19 pandemic on the financial management behavior of selected residents in Paranaque, Metro ManilacMeredith S. Cruz aLas Pinas City, PhilippinesbSouthville International School and CollegecC2022 ax,123pp.c28cm.fTheses aFinancial management.